000 01394nam2a2200241 4500
001 RU\NLR\PER_A\002689704_001450
005 20260408201202.0
035 _a(NLR Aleph) 012041934
090 _a11607080
_c11607080
100 _a20190624d2019 u y0rusy50 ca
101 0 _arus
102 _aRU
200 1 _aГиперплазии и карциномы эндометрия
_eк Федеральным клиническим рекомендациям
_fА.Б. Маркочев, И.Н. Ожиганова
210 _d2019
461 0 _1001RU\NLR\Per\504165
_12001#$aБиблиотека патологоанатома$eнаучно-практический журнал$fРос. о-во патологоанатомов, С.-Петерб. гор. патологоанатом. бюро$vВып. 185
_94214865
_cСанкт-Петербург
_d2005 -
_fРос. о-во патологоанатомов, С.-Петерб. гор. патологоанатом. бюро
_nГПАБ
_oнаучно-практический журнал
_tБиблиотека патологоанатома
_vВып. 185
606 1 _aЭндометрий
_xГиперплазия
_91000115
_3RU\NLR\AUTH\6661372
606 _aРак (онкол.) эндометрия
_3RU\NLR\AUTH\661460600
_92457507
686 1 _aР569.714.1
852 _aNLR
_jП16/1904
942 _cISSUE
980 _aNB
980 _aRUSPER